Measurement and instrumentation : (Record no. 497)

MARC details
000 -LEADER
fixed length control field 00873cam a2200289 i 4500
001 - CONTROL NUMBER
control field 18606987
003 - CONTROL NUMBER IDENTIFIER
control field OSt
005 - DATE AND TIME OF LATEST TRANSACTION
control field 20250420134813.0
008 - FIXED-LENGTH DATA ELEMENTS--GENERAL INFORMATION
fixed length control field 150506s2016 ne a b 001 0 eng
010 ## - LIBRARY OF CONGRESS CONTROL NUMBER
LC control number 2015940647
020 ## - INTERNATIONAL STANDARD BOOK NUMBER
International Standard Book Number 9780128008843
040 ## - CATALOGING SOURCE
Original cataloging agency DLC
Language of cataloging eng
Description conventions rda
Transcribing agency KCST
042 ## - AUTHENTICATION CODE
Authentication code pcc
050 00 - LIBRARY OF CONGRESS CALL NUMBER
Classification number T50
Item number .M644 2016
082 00 - DEWEY DECIMAL CLASSIFICATION NUMBER
Classification number 681
Edition information 23
Item number Mo Me
100 1# - MAIN ENTRY--PERSONAL NAME
Personal name Morris, Alan S.,
Dates associated with a name 1948-
Relator term author.
9 (RLIN) 4705
245 10 - TITLE STATEMENT
Title Measurement and instrumentation :
Remainder of title theory and application /
Statement of responsibility, etc. Alan S. Morris, Reza Langari.
250 ## - EDITION STATEMENT
Edition statement Second edition.
260 ## - PUBLICATION, DISTRIBUTION, ETC.
Place of publication, distribution, etc. Boston :
Name of publisher, distributor, etc. Elsevier, AP,
Date of publication, distribution, etc. 2016.
300 ## - PHYSICAL DESCRIPTION
Extent xxi, 703 pages :
Other physical details illustrations ;
Dimensions 24 cm
504 ## - BIBLIOGRAPHY, ETC. NOTE
Bibliography, etc. note Includes bibliographical references and index.
650 #0 - SUBJECT ADDED ENTRY--TOPICAL TERM
Topical term or geographic name entry element Measurement.
9 (RLIN) 898
650 #0 - SUBJECT ADDED ENTRY--TOPICAL TERM
Topical term or geographic name entry element Measuring instruments.
9 (RLIN) 4706
700 1# - ADDED ENTRY--PERSONAL NAME
Personal name Langari, Reza,
Relator term author.
9 (RLIN) 4707
942 ## - ADDED ENTRY ELEMENTS (KOHA)
Koha item type Book
942 ## - ADDED ENTRY ELEMENTS (KOHA)
Source of classification or shelving scheme Dewey Decimal Classification
Holdings
Withdrawn status Lost status Source of classification or shelving scheme Damaged status Not for loan Home library Current library Date acquired Cost, normal purchase price Total checkouts Full call number Barcode Date last seen Price effective from Koha item type
    Dewey Decimal Classification     KCST Library KCST Library 26/07/2020 30.05   681 Mo Me 1000000726 26/07/2020 26/07/2020 Book
© 2025 KCST. All rights reserved